Wo befindet sich die Stadt? (Teil4) - Statistiken

Allgemein
  • Dieses Quiz wurde 69 mal gespielt
  • Das Durchschnittsergebnis liegt bei 5 aus 10
Antwortstatistiken
Frage Antwort % Korrekt
Wo befindet sich Lathi? Finnland
100%
Wo befindet sich Medellín? Kolumbien
100%
Wo befindet sich Vaduz? Liechtenstein
100%
Wo befindet sich Santo Domingo? Dominikanische Republik
67%
Wo befindet sich Novi Sad? Serbien
67%
Wo befindet sich Farim? Guinea-Bissau
33%
Wo befindet sich Port Louis? Mauritius
33%
Wo befindet sich Tiraspol? Moldawien
33%
Wo befindet sich Karaganda? Kasachstan
0%
Wo befindet sich Bo? Sierra Leone
0%
Keine übereinstimmenden Quizze gefunden
Verteilung der Resultate
Anzahl Personen mit jedem Resultat
Perzentil nach korrekt beantworteten Fragen
Ihre Resultats-Entwicklung
Sie haben dieses Quiz noch nicht gespielt